Electronic finance: A new approach to financial sector development ?
Tallennettuna:
| Päätekijä: | |
|---|---|
| Aineistotyyppi: | Kirja |
| Kieli: | Undetermined |
| Julkaistu: |
Washington DC
The World Bank
2002
|
| Tagit: |
Lisää tagi
Ei tageja, Lisää ensimmäinen tagi!
|
| Thư viện lưu trữ: | Trung tâm Học liệu Trường Đại học Cần Thơ |
|---|
| LEADER | 00521nam a2200169Ia 4500 | ||
|---|---|---|---|
| 001 | CTU_62752 | ||
| 008 | 210402s9999 xx 000 0 und d | ||
| 082 | |a 332.10285 | ||
| 082 | |b C583 | ||
| 100 | |a Stijn Claessens | ||
| 245 | 0 | |a Electronic finance: A new approach to financial sector development ? | |
| 245 | 0 | |c Stijn Claessens, Thomas Glaessner, Daniela Klingebiel | |
| 260 | |a Washington DC | ||
| 260 | |b The World Bank | ||
| 260 | |c 2002 | ||
| 904 | |i MInh | ||
| 980 | |a Trung tâm Học liệu Trường Đại học Cần Thơ | ||